• 首页
  • 本馆介绍
  • 公告通知
  • 最新文献
  • 馆藏检索
  • 电子资源
  • 读者导购
  • 参考咨询
  • 我的图书馆
  • 登录
  • 详细信息显示
  • 放入我的书架
  • 预约/预借图书
  • 作者相关作品
  • 分类相关作品
  • 丛书相关作品
  • 出版社相关作品

书目信息

  • 表格格式
  • 工作单格式
  • 卡片格式
题名:
育儿大全
    
 
作者: ;浙江人民美术出版社 编
分册:  
出版信息: 杭州   浙江人民出版社  1981
页数: 452页
开本: 19cm
丛书名:
单 册:
中图分类: R174 , Z227
科图分类:
主题词: 婴幼儿卫生 , 百科全书--中国
电子资源:
ISBN:
000 00668nam0 2200253 45
001 0181000815
005 20081022082719.64
010    @dCNY1.00
091    @aCN@b7156.4
100    @a19950606d1981 em y0chiy0121 ea
101 0  @achi
102    @aCN@b330000
105    @ay z 000yy
200 10 @a育儿大全@Ayu er da quan@f浙江人民美术出版社编
210    @a杭州@c浙江人民出版社@d1981
215    @a452页@d19cm
606    @a婴幼儿卫生
606 0  @a百科全书@x中国
690    @aR174@v3
690    @aZ227@v4
711 02 @a浙江人民美术出版社@Azhe jiang ren min mei shu chu ban she@4编
801  2 @aCN@bNLC@c20081022
801  0 @aCN@bTSSF
905    @aZUCC@dZ227@e120
    
    育儿大全/浙江人民美术出版社编.-杭州:浙江人民出版社,1981
    452页;19cm
    
    
    ISBN :CNY1.00
    
●
相关链接 在E读中查询图书 在五车中查询图书 在当当中查询图书 在豆瓣中查询图书


正题名:育儿大全     索取号:Z227/120         预约/预借

序号 登录号 条形码 馆藏地/架位号 状态 备注
1 0277102   202164004   第三借阅区/ [索取号:Z227/120] 在馆    
唐山师范学院图书馆 欢迎您!
大连网信软件有限公司© 版权所有